|
|
|
|
| LEADER |
01141nam a2200313 a 4500 |
| 001 |
000647350 |
| 003 |
CZ BrMZK |
| 005 |
20080526155325.0 |
| 007 |
ta |
| 008 |
030121s2003 xr a e f 000 0 cze d |
| 015 |
|
|
|a cnb001200770
|
| 020 |
|
|
|a 80-86419-32-0
|q (brož.)
|
| 035 |
|
|
|a (OCoLC)53272500
|
| 040 |
|
|
|a BOA001
|b cze
|c BOA001
|
| 072 |
|
7 |
|a 616
|x Patologie. Klinická medicína
|2 Konspekt
|9 14
|
| 080 |
|
|
|a 616-056.7
|2 MRF
|
| 080 |
|
|
|a (035)
|2 MRF
|
| 100 |
1 |
|
|a Vávrová, Věra,
|d 1928-
|7 nlk19990074045
|4 aut
|
| 245 |
1 |
0 |
|a Cystická fibróza v praxi /
|c Věra Vávrová a kolektiv
|
| 250 |
|
|
|a Vyd. 2., v PP 1.
|
| 260 |
|
|
|a [Praha] :
|b Professional Publishing,
|c c2003
|
| 300 |
|
|
|a 152 s. :
|b il. ;
|c 24 cm
|
| 504 |
|
|
|a Obsahuje bibliografie a rejstřík
|
| 650 |
0 |
7 |
|a cystická fibróza
|7 ph119277
|2 czenas
|
| 655 |
|
7 |
|a příručky
|7 fd133209
|2 czenas
|
| 856 |
4 |
1 |
|u http://www.digitalniknihovna.cz/mzk/uuid/uuid:32d3bd80-60fc-11e4-b42a-005056827e52
|y Digitalizovaný dokument
|x NDK
|
| 910 |
|
|
|a BOA001
|b 2-1112.906
|
| 990 |
|
|
|a BK
|
| 996 |
6 |
|
|b 2610185171
|c 2-1112.906
|l MZK
|r Sklad / do 1 hodiny
|n 9
|p p.v.
|w 000647350
|u 000010
|a 1
|e BOA001
|j MZK50
|s P
|